Preparation and Medico-Biological Tests Nanocolloids Radiopharmaceuticals on the Based of Modified DTPA Labeled Technetium-99m; Proceedings of the International ConferenceNanomaterials: Applications and Properties (NAP-2013) Alushta, the Crimea, Ukraine September 16-21, 2013; Vol. 2, № 4

গ্রন্থ-পঞ্জীর বিবরন
Parent link:Proceedings of the International ConferenceNanomaterials: Applications and Properties (NAP-2013) Alushta, the Crimea, Ukraine September 16-21, 2013.— , 2013
Vol. 2, № 4.— 2013.— 04NABM02 [4 p.]
অন্যান্য লেখক: Skuridin V. S. Viktor Sergeyevich, Stasyuk (Stasiuk) E. S. Elena Sergeyevna, Nesterov E. A. Evgeny Alexandrovich, Rogov A. S. Alexander Sergeyevich, Sadkin V. L. Vladimir Leonidovich, Varlamova N. V. Natalya Valeryevna
সংক্ষিপ্ত:Title screen
Technetium-99m recovery process in the presence of stannous Sn (II) with the aim to determine it is necessary and sufficient quantity, that would provide a complete "recovery" of 99mTc in the reaction mixture has been investigated. The studies were identified conditions for receiving radioactive nanopreparations based on a modified molecule DTPA. The authors has been shown that the direct interaction of 99mTc eluate solution with a solution of a mixture of SnCl2 DTPAmod and radiochemical impurity content unreduced 99mTc (VII) in the preparation labeled with nanocolloids is 2,7% and the yield nanocolloids with the size of 100 nm is about 80%. The medical-biological testing of the agents 99mTc (IV) - DTPAmod on test animals for the determination of the functional suitability for the scintigraphic imaging of lymph nodes has been carried out.
ভাষা:ইংরেজি
প্রকাশিত: 2013
বিষয়গুলি:
অনলাইন ব্যবহার করুন:http://mmgp.ru.essuir.sumdu.edu.ua/bitstream/123456789/35405/1/princon_2013_2_4_26.pdf
বিন্যাস: বৈদ্যুতিক গ্রন্থের অধ্যায়
KOHA link:https://koha.lib.tpu.ru/cgi-bin/koha/opac-detail.pl?biblionumber=637510

MARC

LEADER 00000nla0a2200000 4500
001 637510
005 20250825112304.0
035 |a (RuTPU)RU\TPU\network\1662 
035 |a RU\TPU\network\1594 
090 |a 637510 
100 |a 20140923d2013 k||y0rusy50 ba 
101 0 |a eng 
102 |a UA 
135 |a drgn ---uucaa 
181 0 |a i  
182 0 |a b 
200 1 |a Preparation and Medico-Biological Tests Nanocolloids Radiopharmaceuticals on the Based of Modified DTPA Labeled Technetium-99m  |f V. S. Skuridin [et al.] 
203 |a Text  |c electronic 
300 |a Title screen 
320 |a [Ref.: 3 tit.] 
330 |a Technetium-99m recovery process in the presence of stannous Sn (II) with the aim to determine it is necessary and sufficient quantity, that would provide a complete "recovery" of 99mTc in the reaction mixture has been investigated. The studies were identified conditions for receiving radioactive nanopreparations based on a modified molecule DTPA. The authors has been shown that the direct interaction of 99mTc eluate solution with a solution of a mixture of SnCl2 DTPAmod and radiochemical impurity content unreduced 99mTc (VII) in the preparation labeled with nanocolloids is 2,7% and the yield nanocolloids with the size of 100 nm is about 80%. The medical-biological testing of the agents 99mTc (IV) - DTPAmod on test animals for the determination of the functional suitability for the scintigraphic imaging of lymph nodes has been carried out. 
461 |t Proceedings of the International ConferenceNanomaterials: Applications and Properties (NAP-2013) Alushta, the Crimea, Ukraine September 16-21, 2013  |d 2013 
463 |t Vol. 2, № 4  |v 04NABM02 [4 p.]  |d 2013 
610 1 |a электронный ресурс 
610 1 |a труды учёных ТПУ 
701 1 |a Skuridin  |b V. S.  |c Physicist, Specialist in the field of nuclear power engineering  |c Professor of Tomsk Polytechnic University, Doctor of technical sciences  |f 1946-  |g Viktor Sergeyevich  |3 (RuTPU)RU\TPU\pers\32655  |9 16554 
701 1 |a Stasyuk (Stasiuk)  |b E. S.  |c Specialist in the field of nuclear power engineering  |c Researcher of Tomsk Polytechnic University, Candidate of technical sciences  |f 1978-  |g Elena Sergeyevna  |3 (RuTPU)RU\TPU\pers\32656  |9 16555 
701 1 |a Nesterov  |b E. A.  |c Physicist, Specialist in the field of nuclear power engineering  |c Researcher of Tomsk Polytechnic University  |f 1976-  |g Evgeny Alexandrovich  |3 (RuTPU)RU\TPU\pers\32657  |9 16556 
701 1 |a Rogov  |b A. S.  |c Radiochemist  |c Engineer of Tomsk Polytechnic University  |f 1986-  |g Alexander Sergeyevich  |3 (RuTPU)RU\TPU\pers\32658 
701 1 |a Sadkin  |b V. L.  |c Physicist  |c Associate Scientist of Tomsk Polytechnic University, candidate of technical Sciences  |f 1986-  |g Vladimir Leonidovich  |3 (RuTPU)RU\TPU\pers\32654  |9 16553 
701 1 |a Varlamova  |b N. V.  |c Specialist in the field of radiochemistry and pharmacology  |c Researcher of Tomsk Polytechnic University, Candidate of biological sciences  |f 1975-  |g Natalya Valeryevna  |3 (RuTPU)RU\TPU\pers\32659 
801 1 |a RU  |b 63413507  |c 20140916 
801 2 |a RU  |b 63413507  |c 20210628  |g RCR 
850 |a 63413507 
856 4 |u http://mmgp.ru.essuir.sumdu.edu.ua/bitstream/123456789/35405/1/princon_2013_2_4_26.pdf 
942 |c CF